1555 1089 1953 1023 1904 1563 1482 1747 1770 1469 1713 1674 1571 1806 1498 1323 1627 1230 1474 1900 1631 1983 1908 1073 1645 1393 1488 1605 1582 1331 1916 1132 1067 1122 1616 1919 1483 1360 1631 1068 1977 1633 1528 1523 1649 1188 1508 1106 1683 1116 1250 1545 1937 1123 1339 1843 1652 1781 1714 1289 1157 1927 1799 1241 1262 1780 1393 1244 1230 1898 1559 1886 1216 1391 1970 1292 1157 1794 1252 1438 1393 1026 1542 1117 1639 1342 1755 1409 1895 1900 1480 1992 1410 1594 1820 1177 1249 2000 1474 BCNSPRNW ULIB Ver.6.0+V

เปลี่ยนเป็นภาษาไทย

Change to English
 แสดงรายละเอียดบรรณานุกรม
  กลับหน้าหลัก

Brief Record : Get Marc (ISO 2709) : E-mail record : QR code < ปิดหน้าต่าง
LEADER : 00000nam 2200000uu 4500
001    13399111278
003     ULIB
008    110622s2548||||th 000 0 tha d
020    9742986363
050  4 QL751^bป466ก 2548
100 0  ปริศนา สิริอาชา
245 00 ภูมิศาสตร์กายภาพ =^bEssential atlas of physical geography /^cเขียนโดย ปริศนา สิริอาชา
246 0  Essential atlas of physical geography
260    กรุงเทพฯ : ^bสุวีริยาสาส์น;^c2548
300    96 หน้า:^bภาพประกอบ;^c30 ซม.
650  0 ภูมิศาสตร์กายภาพ
945    ^p300^l0^i16274
995    กัณชพร
999 ^a ใช้งานได้ทุกระบบ
รายการนี้ยังไม่มีแท็ก
คุณยังไม่ได้ล็อกอิน คุณสามารถมีกิจกรรมร่วมกับเว็บไซต์ได้ แต่ต้องล็อกอินก่อน ::
  ล็อกอิน

รายการสื่อสารสนเทศ

ลำดับที่ ประเภท เลขเรียก/บาร์โค้ด สถานที่ สถานะ
- ไม่พบข้อมูล -

รายการใกล้เคียง
    หัวเรื่อง [ภูมิศาสตร์กายภาพ]

BibComment


ยังไม่เคยถูกคอมเมนท์

คอมเมนท์ทรัพยากรรายการนี้
  คอมเมนท์: ภูมิศาสตร์กายภาพ ..


 Copyright 2026. Bcnsprnw @Library